01014nam a2200229 a 450000100100000000500170001000800410002704000250006804100380009308200150013110000310014624000730017724501370025026000500038730000330043753400800047050400590055070000300060904900090063995201190064899900170076700002526120200930023651.0110211s1973 mx r 000 0 spa d aDO-SdBNPbspacBNPHU17aspaheng2Código de idioma MARC aNNNbB234c1 aBarber, James David95176210aCitizen politics; an introduction to political behavior.lEspañol.10aEl ciudadano político :brelación entre la cultura y la actitud política /cJames David Barber ; traducción de Emilio Avila. aMéxico, D. F. :bEditores Asociados,c1973. axvi, 296 p. :bil. ;c20 cm. aTítulo original:tCitizen politics; an introduction to political behavior aIncluye notas bibliográficas al pie de las páginas1 aAvila, Emilioetr.951763 aBNGR 001054708MOaGRbGRcCTd2011-02-11iLF1l0oNNN B234cp25261-10r2020-06-25w2020-06-25y4ZPréstamo en sala c24754d24754